Pharmaceutical Chemistry for first Year Diploma in Pharmacy (Record no. 11564)
[ view plain ]
| 000 -LEADER | |
|---|---|
| fixed length control field | 00397nam a22001577a 4500 |
| 003 - CONTROL NUMBER IDENTIFIER | |
| control field | OSt |
| 008 - FIXED-LENGTH DATA ELEMENTS--GENERAL INFORMATION | |
| fixed length control field | 221004b ||||| |||| 00| 0 eng d |
| 082 ## - DEWEY DECIMAL CLASSIFICATION NUMBER | |
| Classification number | 615.19 RAP |
| 100 ## - MAIN ENTRY--PERSONAL NAME | |
| Personal name | RAJE,VN |
| 245 ## - TITLE STATEMENT | |
| Title | Pharmaceutical Chemistry for first Year Diploma in Pharmacy |
| 250 ## - EDITION STATEMENT | |
| Edition statement | 3rd |
| 260 ## - PUBLICATION, DISTRIBUTION, ETC. (IMPRINT) | |
| Place of publication, distribution, etc | New delhi |
| Name of publisher, distributor, etc | CBS |
| Date of publication, distribution, etc | 2018 |
| 300 ## - PHYSICAL DESCRIPTION | |
| Extent | 315 |
| 650 ## - SUBJECT ADDED ENTRY--TOPICAL TERM | |
| Topical term or geographic name as entry element | Pharmaceutical Chemistry |
| 942 ## - ADDED ENTRY ELEMENTS (KOHA) | |
| Source of classification or shelving scheme | Dewey Decimal Classification |
| Koha item type | Text Books |
| 942 ## - ADDED ENTRY ELEMENTS (KOHA) | |
| -- | 6 |
| Withdrawn status | Lost status | Source of classification or shelving scheme | Damaged status | Not for loan | Collection code | Home library | Current library | Date acquired | Source of acquisition | Currency | Cost, normal purchase price | Bill Number | Total Checkouts | Full call number | Acc. no. / Barcode | Date last seen | Actual Cost, discounted price | Bill Date | Koha item type | Date last borrowed | Checked out |
|---|---|---|---|---|---|---|---|---|---|---|---|---|---|---|---|---|---|---|---|---|---|
| Dewey Decimal Classification | Diploma in Pharmacy | PIET C-LIBRARY | PIET C-LIBRARY | 08/09/2022 | Kirti Praskshan | IN Rupees | 325.00 | IN942 | 615.19 RAP | DP1010 | 04/10/2022 | 211.25 | 08/09/2022 | Reference Books | |||||||
| Dewey Decimal Classification | Diploma in Pharmacy | PIET C-LIBRARY | PIET C-LIBRARY | 08/09/2022 | Kirti Praskshan | IN Rupees | 325.00 | IN942 | 23 | 615.19 RAP | DP1011 | 25/05/2026 | 211.25 | 08/09/2022 | Text Books | 12/05/2026 | |||||
| Dewey Decimal Classification | Diploma in Pharmacy | PIET C-LIBRARY | PIET C-LIBRARY | 08/09/2022 | Kirti Praskshan | IN Rupees | 325.00 | IN942 | 16 | 615.19 RAP | DP1012 | 19/12/2024 | 211.25 | 08/09/2022 | Text Books | 19/12/2024 | 02/01/2025 | ||||
| Dewey Decimal Classification | Diploma in Pharmacy | PIET C-LIBRARY | PIET C-LIBRARY | 08/09/2022 | Kirti Praskshan | IN Rupees | 325.00 | IN942 | 10 | 615.19 RAP | DP1013 | 06/07/2023 | 211.25 | 08/09/2022 | Text Books | 06/07/2023 | 20/07/2023 | ||||
| Dewey Decimal Classification | Diploma in Pharmacy | PIET C-LIBRARY | PIET C-LIBRARY | 08/09/2022 | Kirti Praskshan | IN Rupees | 325.00 | IN942 | 18 | 615.19 RAP | DP1014 | 25/05/2026 | 211.25 | 08/09/2022 | Text Books | 11/05/2026 |